Strengthening the management of public spending in Hungary
Saved in:
| Main Author: | |
|---|---|
| Other Authors: | , |
| Format: | Book |
| Language: | English |
| Published: |
Paris
OECD
2002
|
| Series: | Economics department working papers
No. 336 |
| Subjects: | |
| Tags: |
No Tags, Be the first to tag this record!
|
MARC
| LEADER | 00000nam a2200000 4500 | ||
|---|---|---|---|
| 001 | c142198 | ||
| 005 | 20221124093028.9 | ||
| 041 | 0 | |a eng | |
| 044 | |a FR | ||
| 245 | 1 | 0 | |a Strengthening the management of public spending in Hungary |c by Jaromir Cekota, Rauf Gonenc and Kwang-Yeol Yoo |
| 264 | 1 | |a Paris |b OECD |c 2002 | |
| 300 | |a 47 s. | ||
| 490 | 1 | |a Economics department working papers |v No. 336 | |
| 830 | 0 | |a Economics department working papers |v No. 336 | |
| 610 | 2 | 0 | |a výdavky verejné |
| 610 | 2 | 0 | |a rozpočty |
| 610 | 2 | 0 | |a politika fiškálna |
| 610 | 2 | 0 | |a úspory |
| 610 | 2 | 0 | |a fondy verejné |
| 610 | 2 | 0 | |a riadenie |
| 610 | 2 | 0 | |a vzdelanie |
| 610 | 2 | 0 | |a dane |
| 610 | 2 | 0 | |a Maďarsko |
| 100 | 1 | |a Cekota, Jaromir | |
| 700 | 1 | |a Gonenc, Rauf | |
| 700 | 1 | |a Yoo, Kwang-Yeol | |